000
00341nam a22001457a 4500
020
_a
978-8123906607
041
_a
ENG
100
_a
Gupta .V.P
245
_a
Fluid Mechanics,Fluid Machines And Hydraulics
250
_a
3rd ED
260
_a
New Delhi
_b
CBS Publishers
_c
1992
300
_a
1194
650
_a
IDE
856
_u
IDE ( 18 )
999
_c
1492
_d
1492